Tùy tưởng lục : Theo dòng suy tưởng /
Αποθηκεύτηκε σε:
| Κύριος συγγραφέας: | |
|---|---|
| Μορφή: | Sách giấy |
| Γλώσσα: | Vietnamese |
| Έκδοση: |
Tp. HCM :
Văn nghệ,
2002
|
| Ετικέτες: |
Προσθήκη ετικέτας
Δεν υπάρχουν, Καταχωρήστε ετικέτα πρώτοι!
|
| Thư viện lưu trữ: | Thư viện Trường Đại học Đà Lạt |
|---|
| LEADER | 00624nam a2200253 4500 | ||
|---|---|---|---|
| 001 | DLU090103313 | ||
| 005 | ##20031010 | ||
| 040 | # | # | |a DLU |b vie |
| 041 | # | # | |a vie |
| 044 | # | # | |a vn |
| 082 | # | # | |a 895.180 3 |b BA-K |
| 100 | # | # | |a Ba Kim |
| 245 | # | # | |a Tùy tưởng lục : |b Theo dòng suy tưởng / |c Ba Kim ;Trương Chính, Ông Văn Tùng dịch |
| 260 | # | # | |a Tp. HCM : |b Văn nghệ, |c 2002 |
| 300 | # | # | |a 375 tr. ; |c 21 cm |
| 992 | # | # | |a 44000 |
| 994 | # | # | |a DLU |
| 900 | # | # | |a True |
| 911 | # | # | |a Nguyễn Thị Tố Hạnh |
| 925 | # | # | |a G |
| 926 | # | # | |a A |
| 927 | # | # | |a SH |
| 980 | # | # | |a Thư viện Trường Đại học Đà Lạt |